| 000 | nam a22 7a 4500 | ||
|---|---|---|---|
| 999 |
_c128597 _d128597 |
||
| 008 | 181120b xxu||||| |||| 00| 0 eng d | ||
| 050 |
_aS787.Z5 _bS813 |
||
| 100 |
_aSteen, Karin _943521 |
||
| 245 |
_aTime to farm _ba qualitative inquiry into the dynamics of the gender regime of land and labour rights in susistence farming: an example from the Chiweshe communal area, Zimbabwe _cKarin Steen |
||
| 260 |
_aSweden _bLund University _c2011 |
||
| 300 |
_axi, 207p. ; _c22cm. |
||
| 440 |
_aLund dissertations in sustainability science _n2 _943522 |
||
| 650 |
_aAgriculture _zZimbabwe _99775 |
||
| 650 |
_aFood production _zZimbabwe _943523 |
||
| 650 |
_aGender dynamics _xAgriculture _zZimbabwe _943524 |
||
| 942 |
_2lcc _cMONOGRAPH |
||